Top Ten Most Used Hot Dog Condiments - Statistics

General Stats
  • This quiz has been taken 140 times
  • The average score is 6 of 10
Answer Stats
Rank Condiment % Correct
2 Ketchup
99%
1 Mustard
98%
5 Relish
78%
10 Mayo
76%
3 Onions
63%
9 Cheese
57%
4 Chili
51%
6 Sauerkraut
30%
8 Jalapeno
24%
7 Coleslaw
8%
No matching quizzes found
Score Distribution
Percent of People with Each Score
Percentile by Number Answered
Your Score History
You have not taken this quiz